Abdul Rahman Al-Ghafiqi

Bibliographic Details
Main Author: Muhammad Hafeez Bin Husin
Format: Book
Published: Kuala Lumpur : Fargoes Book Sdn. Bhd. , 2014
Series:Siri Pemacu Ummah
Subjects:

MARC

LEADER 00000cam a2200000 7i4500
001 0000060056
005 20220105105310.0
008 160224
020 |a 9789674175658 (set) 
020 |a 9789674175665 
090 0 0 |a BIO/MAL 
100 0 |a Muhammad Hafeez Bin Husin 
245 1 0 |a Abdul Rahman Al-Ghafiqi   |c Muhammad Hafeez Bin Husin 
260 |a Kuala Lumpur :   |b Fargoes Book Sdn. Bhd. ,   |c 2014 
300 |a 24pg. 
490 0 |a Siri Pemacu Ummah 
500 |a Children ages 7-9 years old (orange) 
650 0 |a Children's Stories, Malay 
999 |a 0001314306   |b Book   |c Children Collection   |e Cawangan Sri Merlong 
999 |a 0001314311   |b Book   |c Teenagers   |e Cawangan Bandar Tenggara